01513 a2200241 4500020002500000050002000025100003400045245006700079250002100146264004200167300004400209336002600253337002800279338002700307504005100334505074500385650001801130650001501148650004101163650001801204650003001222650001901252 a9781437703184 (pbk.)00aRM216bPEC 20101 aPeckenpaugh, Nancy J.eauthor10aNutrition essentials and diet therapy /cNancy J. Peckenpaugh. aeleventh edition aSt. Louis :bSaunders/Elsevier,c2010 axxii, 697 pagesbcoloured illustrations 2rdacontentatextbtxt 2rdamediaaunmediatedbn 2rdacarrieravolumebnc aIncludes bibliographical references and index.0 aThe art of nutrition in a social context -- Carbohydrates, proteins, and fats: the energy -- Macronutrients of balanced meals -- The micronutrients of balanced meals: vitamins -- Minerals, and phytochemicals -- Digestion, absorption, and metabolism in health and disease -- Insulin resistance and the metabolic syndrome -- Obesity and healthy weight management -- Cardiovascular disease -- Diabetes mellitus -- Renal disease -- Cancer: nutrition prevention and treatment -- Maternal and infant nutrition in health and disease -- Growth development issues in promoting good health -- Nutrition over the adult life span -- Public health issues in national and international nutrition -- The nutrition care process in the health care setting. 0aDiet therapy. 0aNutrition.12aNutritional Physiological Phenomena.22aDiet Therapy.22aNutritional Requirements.22aPublic Health.